000 03286cam a22011294i 4500
003 PE-LiUPU
005 20250813185502.0
008 150625s r 000 0 d
035 _a(Sirsi) a32529
040 _aPE-LiUPU
_bspa
_cPE-LiUPU
_erda
082 0 4 _a304.641812
_bO68e
_223
110 2 _aOrganización Panamericana de la Salud
245 1 0 _aEstadistica de la salud de las americas :
_bMORTALIDAD Tendencias 1960 hasta 1990 y últimos datos por causa, edad y sexo. MORBILIDAD Series anuales de casos notificados de ciertas enfermedades transmisibles /
_cOrganización Panamericana de Salud.
264 1 _aWhashignton D.C. :
_bOrganización Panamericana de la salud,
_c1992.
300 _axix, 362 páginas :
_bTablas,
_c27.5 centímetros.
336 _atext
_2rdacontent
337 _aunmediated
_2rdamedia
338 _avolume
_2rdacarrier
505 _aFuente de datos -- Mortalidad -- Tendencias de las tasas estimadas de mortalidad, específicas por causa, edad y sexo por país 1960-1964 a 1985-1989 -- Número de defunciones por grupos de causas, edad y sexo, por país y año -- Casos notificados de ciertas enfermedades, por país y año -- Tendencias de las tasas estimada de mortalidad, específicas por causa, edad y sexo, por país, 1960 -1964 a 1985-1989 (cuadros y gráficas) -- Número de defunciones por grupos de causas, edad y sexo, por país y año (cuadros) -- Casos notificados de ciertas enfermedades, por país y año (cuadros) -- anexo.
526 _aP202
526 _aP201
526 _aP163
526 _aP162
526 _aP161
526 _aP160
526 _aP148
526 _aP147
526 _aP146
526 _aP145
526 _aP144
526 _aP143
526 _aP142
526 _aP141
526 _aP140
526 _aP139
526 _aP138
526 _aP137
526 _aP136
526 _aP135
526 _aP134
526 _aP133
526 _aP129
526 _aP128
526 _aP127
526 _aP120
526 _aP119
526 _aP118
526 _aP116
526 _aP115
526 _aP114
526 _aP110
526 _aP109
526 _aP108
526 _aP104
526 _aP103
526 _aP102
526 _aP99
526 _aP98
526 _aP97
526 _aP96
526 _aP95
526 _aP93
526 _aP90
526 _aP89
526 _aP88
526 _aP83
526 _aP82
526 _aP62
526 _aP59
526 _aP58
526 _aP57
526 _aP51
526 _aP49
526 _aP48
526 _aP47
526 _aP29
526 _aP24
526 _aP20
526 _aP19
526 _aP17
526 _aP15
526 _aP14
526 _aP12
526 _aP10
526 _aP09
526 _aP08
526 _aP07
526 _aP06
526 _aP05
526 _aP04
526 _aP01
650 1 4 _aMortalidad
_xEstadísticas
_zAmérica Latina
_y1960-1990.
_93072
942 _2ddc
_cBK
_n0
949 _a312.2098 O65
_wDEWEY
_c1
_i38171
_lCCODEBUL1
_mBUL
_p00.00
_r0
_sY
_tBOOK
_u2015-06-25
_xBIBLIOTECA
_zUNKNOWN
_0COMPRA
_o.STAFF. Colección General
980 _81
_gALBERTO SANCHEZ Responsable de Automatización
999 _c40191
_d40191